Solid-state electronics : A Basic course for engineers and technicians

में बचाया:
ग्रंथसूची विवरण
मुख्य लेखक: Hibberd, R. G.
स्वरूप: पुस्तक
भाषा:Undetermined
प्रकाशित: New York McGraw-Hill Book Company 1968
विषय:
टैग : टैग जोड़ें
कोई टैग नहीं, इस रिकॉर्ड को टैग करने वाले पहले व्यक्ति बनें!
Thư viện lưu trữ: Trung tâm Học liệu Trường Đại học Cần Thơ
LEADER 00542nam a2200193Ia 4500
001 CTU_82557
008 210402s9999 xx 000 0 und d
082 |a 621.381 
082 |b H624 
100 |a Hibberd, R. G. 
245 0 |a Solid-state electronics : 
245 2 |b A Basic course for engineers and technicians 
245 0 |c R. G. Hibberd 
260 |a New York 
260 |b McGraw-Hill Book Company 
260 |c 1968 
650 |a Semiconductors 
904 |i QHieu(sửa) 
980 |a Trung tâm Học liệu Trường Đại học Cần Thơ